Estatísticas para Avenidas de Belo Horizonte

Clique aqui para jogar o quiz

Estatísticas Gerais

  • Esse quiz foi jogado 55 vezes
    (53 desde o último reset)
  • A pontuação média é 19 de 74

Estatísticas das Respostas

Resposta% Correto
Afonso Pena
85%
Amazonas
78%
do Contorno
75%
Antônio Carlos
63%
Cristiano Machado
63%
Carlos Luz
58%
dos Andradas
55%
Olegário Maciel
55%
Dom Pedro I
53%
Otacílio Negrão de Lima
53%
Raja Gabaglia
53%
Tereza Cristina
53%
Bias Fortes
50%
Brasil
50%
Dom Pedro II
50%
Augusto de Lima
45%
Barbacena
43%
Antônio Abrahão Caram
40%
Cristóvão Colombo
40%
Nossa Senhora do Carmo
40%
Prudente de Morais
40%
Silviano Brandão
40%
Álvares Cabral
38%
Barão Homem de Melo
38%
Fleming
38%
João Pinheiro
38%
Presidente Tancredo Neves
38%
Carandaí
35%
Getúlio Vargas
35%
Vilarinho
35%
Portugal
33%
José Cândido da Silveira
30%
Silva Lobo
30%
dos Bandeirantes
28%
Professor Alfredo Balena
28%
Francisco Sales
25%
Professor Mário Werneck
23%
Abílio Machado
20%
Paraná
20%
Bernardo Vasconcelos
18%
Santos Dumont
18%
Uruguai
18%
Américo Vespúcio
15%
Olinto Meireles
13%
Waldomiro Lobo
13%
Mem de Sá
10%
Presidente Juscelino Kubitschek
10%
Risoleta Neves
10%
Sinfrônio Brochado
10%
Waldyr Soeiro Emrich
10%
Afonso Vaz de Melo
8%
Bernardo Monteiro
8%
Brigadeiro Eduardo Gomes
8%
dos Engenheiros
8%
Guarapari
8%
Heráclito Mourão de Miranda
8%
Nossa Senhora de Fátima
8%
Sebastião de Brito
8%
Altamiro Avelino Soares
5%
Cônsul Antônio Cadar
5%
Dr. Cristiano Guimarães
5%
Professor Clóvis Salgado
5%
Dom João VI
3%
João XXIII
3%
Assis Cheateaubriand
0%
Country Club
0%
Deputado Anuar Menhem
0%
General Carlos Guedes
0%
General Olímpio Mourão Filho
0%
Governador Benedito Valadares
0%
Miguel Perrela
0%
Oiapoque
0%
Professor Magalhães Penido
0%
Senador Levindo Coelho
0%

Distribuição das Pontuações

Percentil de Números Respondidos

Porcentagem de Pessoas com Cada Pontuação

Sua Pontuação Histórica

Você não jogou esse quiz desde o último reset